What is the correct pronunciation of this Korean animal word? - Statistics

General Stats
  • This quiz has been taken 7 times
  • The average score is 2 of 15
Answer Stats
Question Answer % Correct
암소 (female head of cattle) [암소]
40%
숫쥐 (male murid) [숟쮜]
40%
괭이 (cat) [괭ː이]
20%
닭 (chicken) [닥]
20%
물고기 (fish) [물꼬기]
20%
곰쥐 (black rat) [곰ː쥐]
20%
생쥐 (house mouse) [생ː쥐]
0%
숫양 (ram) [순냥]
0%
비단뱀 (reticulated python) [비ː단뱀]
0%
반려견 (pet dog) [발ː려견]
0%
원숭이 (monkey) [원ː숭이]
0%
꼬리감는원숭이 (New World monkey) [꼬리감느눤숭이]
0%
실뱀 (slender racer) [실ː뱀]
0%
진돗개 (Jindo dog) [진도깨] or [진돋깨]
0%
구세계원숭이 (Old World monkey) [구ː세계원숭이] or [구ː세게원숭이]
0%
No matching quizzes found
Score Distribution
Percent of People with Each Score
Percentile by Number Answered
Your Score History
You have not taken this quiz